000 01089nam a2200373 i 4500
001 52883
003 ES-MaCES
005 20250203133306.0
008 231002s2023 sp | 000 ||spa
017 _aB 4274-2023
_bDL
020 _a9788423435500
040 _aES-MaCES
_bspa
_cES-MaCES
100 1 _940781
_aMiller, Luis
245 1 0 _aPolarizados
_b: la política que nos divide
_cMiller, Luis
250 _a1ª ed
260 _aBarcelona
_bDeusto
_c2023
300 _a246 p.
_c24 cm
504 _aBibliografía: p. 237-246
541 _cCompra
650 4 _927246
_apolítica
650 4 _927243
_apartido político
650 4 _927237
_acomportamiento político
650 4 _928308
_adesempleo
650 4 _930789
_adesigualdad social
650 4 _927244
_aproblema político
650 4 _929756
_aparticipación popular
650 4 _927242
_aparticipación política
650 4 _929236
_avotación
650 4 _926964
_aEspaña
650 4 _927233
_ateoría política
653 1 0 _aCiencias Sociales-Políticas
902 _aLIB Libro
942 _2CES
_cBK
_h7.0.
999 _c52883
_d52883